header

Communism in rural France (Record no. 49851)

MARC details
000 -LEADER
fixed length control field 01880nam a22004334a 4500
082 04 - DEWEY DECIMAL CLASSIFICATION NUMBER
Classification number 331.76309440904
100 1# - MAIN ENTRY--AUTHOR NAME
Personal name Bulaitis, John.
245 10 - TITLE STATEMENT
Title Communism in rural France
260 ## - PUBLICATION, DISTRIBUTION, ETC. (IMPRINT)
Place of publication London ;
-- New York :
Name of publisher I.B. Tauris ;
Place of publication New York :
Name of publisher In the United States of America and Canada distributed by Palgrave Macmillan,
Year of publication 2008.
300 ## - PHYSICAL DESCRIPTION
Number of Pages xiv, 250 p. :
Other physical details ill., map.
490 1# - SERIES STATEMENT
Series statement International library of historical studies ;
650 #0 - SUBJECT ADDED ENTRY--TOPICAL TERM
Topical Term Communism and agriculture
Topical Term Agriculture and state
Topical Term Strikes and lockouts
Topical Term Agricultural laborers
856 40 - ELECTRONIC LOCATION AND ACCESS
Uniform Resource Identifier http://site.ebrary.com/lib/rucke/Doc?id=10333403

No items available.

© 2026 Rongo University
Contact us: librarian | system librarian | Rongo university